000 00783nam a2200253 a 4500
001 28600
003 BD-RjUL
005 20211209051314.0
008 140331t19631961enka b 001 0 eng d
035 _a(BD-RjUL)28681
040 _aLC
_beng
_cLC
_dLC
_dBD-RjUL
041 _aeng
082 0 0 _a962.403
_bHOM 1963
100 1 _aHolt, P. M.
_q(Peter Malcolm)
_981882
245 1 2 _aA modern history of the Sudan :
_bfrom the Funj Sultanate to the present day /
_cby P. M. Holt.
250 _a2d ed.
260 _aLondon:
_bWeidenfeld and Nicolson ,
_cc1961 [1963].
300 _axiii, 247 p. :
_bill. ;
_c22 cm.
504 _aIncludes bibliographical references and index.
651 0 _aSudan
_xHistory.
_987570
942 _2ddc
_cBK
999 _c28600
_d28600